| 000 | 00350nam a2200133Ia 4500 | ||
|---|---|---|---|
| 008 | 150202s9999 xx 000 0 und d | ||
| 020 | _a373271107 | ||
| 050 |
_aFIC _bFIC |
||
| 100 | _aAmos, Robyn. | ||
| 245 |
_aHero at large / _cRobyn Amos. |
||
| 260 |
_aNew York : _bHarlequin Books, _c2000. |
||
| 300 |
_a249 pages : _c18 cm. |
||
| 650 | _aFiction. | ||
| 999 |
_c281820 _d281820 |
||